000 00379nam a2200121 a 4500
005 20140414131855.0
008 100901s19uu xx 00 eng d
050 _aFIL
_bM45 2009
100 _aMatias, Segundo
245 _aMay genie ba sa bote ng daddy ni Rocky? :
_bRocky's daddy has a genie in his bottle?.
260 _aManila, Philippines :
_bLampara,
_c2009.
999 _c110430
_d110430